000 00679nam a22002057a 4500
005 20230920122318.0
010 _aENG-138163
020 _a9789394246034
_c730.00
035 _aEN-121695
037 _bDBAD/PUB
082 _a624.183
100 _aKalyan, V. Vamsi
_957080
245 _aPre Stressed Concrete/
_cBy V. Vamsi Kalyan; J. K. Sandhya Kiran and K. Chaitra
260 _aHyderabad
_bM/s SriKrishna Techno Books
_c2023
270 _a7-1-277/242, 2nd Floor, Near BK Guda Park, S R Nagar
_bHyderabad
_e500038
300 _a256
_c25cm(pbk)
700 _aKiran, J. K. Sandhya
_956902
700 _aChaitra, K.
_956981
942 _2ddc
_cEN
_h624.183
_mKAL
999 _c198386
_d198386